Loading...
| Philosophy | 0 | 3 | 0 | 0 | 30 | 88 | 99.67 | 1 | 3 | 0.00 | 0.00 |
| Fine Arts - Visual | 0 | 3 | 0 | 0 | 30 | 103 | 115.33 | 0 | 3 | 0.00 | 0.00 |
| Beliefs | 2 | 0 | 1 | 0 | 25 | 7 | 32.00 | 2 | 2 | 0.00 | 0.00 |
| Literature - American | 0 | 2 | 0 | 0 | 20 | 129 | 138.50 | 0 | 2 | 0.00 | 0.00 |
| Literature - British | 1 | 0 | 0 | 0 | 15 | 38 | 38.00 | 1 | 1 | 0.00 | 0.00 |
| Chemistry> | 0 | 1 | 0 | 0 | 10 | 122 | 122.00 | 0 | 1 | 0.00 | 0.00 |
| Science - Chemistry | 0 | 1 | 0 | 0 | 10 | 90 | 90.00 | 0 | 1 | 0.00 | 0.00 |
| Fine Arts - Auditory | 0 | 1 | 0 | 0 | 10 | 114 | 114.00 | 0 | 1 | 0.00 | 0.00 |
| Literature - European | 0 | 1 | 0 | 0 | 10 | 101 | 101.00 | 1 | 1 | 0.00 | 0.00 |
| History - World | 0 | 1 | 0 | 0 | 10 | 126 | 126.00 | 0 | 1 | 0.00 | 0.00 |
| Geography | 0 | 1 | 0 | 0 | 10 | 85 | 85.00 | 1 | 1 | 0.00 | 0.00 |
| 0 | 1 | 1 | 0 | 5 | 104 | 104.00 | 1 | 1 | 0.00 | 0.00 | |
| Other Science: Earth Science | 0 | 1 | 1 | 0 | 5 | 73 | 73.00 | 0 | 1 | 0.00 | 0.00 |
| Science - Physics | 0 | 0 | 0 | 0 | 0 | 0.00 | 0 | 0 | 0.00 | 0.00 | |
| Other Academic | 0 | 0 | 1 | 0 | -5 | 0.00 | 0 | 0 | 0.00 | 0.00 |